Statistiche per I 20 Paesi Più Famosi del Mondo

Clicka qui per fare il quiz!

Statistiche generali

  • Questo quiz è stato fatto 2.835 volte
  • Il punteggio medio è 17 su 20

Statistiche sulle risposte

%Paese% Corretto
95Italia
99%
94Francia
98%
91Cina
97%
95Russia
96%
92Germania
95%
92Spagna
95%
95Canada
93%
95Stati Uniti
93%
90Brasile
92%
91Argentina
88%
93Australia
88%
91Messico
85%
92India
83%
91Portogallo
78%
91Regno Unito
78%
91Grecia
69%
90Svezia
67%
90Norvegia
63%
90Svizzera
60%
91Irlanda
53%

Distribuzione punteggi

Percentile per numero di risposta

Percentuale di utenti per punteggio

I tuoi punteggi nel tempo

Non hai fatto questo quiz